Statistics for Europas lande

Click here to take the quiz!

General Stats

  • This quiz has been taken 606 times
  • The average score is 30 of 45

Answers on the Map

Answers color-coded by a green-red scale on the quiz's map according to % correct below.
 

Answer Stats

Land% Correct
Danmark
100%
Sverige
97%
Norge
96%
Italien
94%
Tyskland
94%
Frankrig
92%
Spanien
92%
Finland
90%
Portugal
86%
Holland
85%
Polen
85%
Rusland
85%
Irland
82%
Belgien
81%
Letland
81%
Estland
79%
Østrig
79%
Storbritannien
79%
Ukraine
78%
Island
76%
Grækenland
74%
Hviderusland
68%
Schweiz
68%
Tjekkiet
67%
Slovakiet
63%
Kroatien
61%
Litauen
59%
Slovenien
58%
Albanien
57%
Ungarn
56%
Luxembourg
55%
Bulgarien
53%
Tyrkiet
53%
Rumænien
51%
Serbien
50%
Bosnien-Hercegovina
49%
Moldova
44%
Cypern
42%
Kosovo
40%
Andorra
38%
Makedonien
37%
Liechtenstein
36%
Montenegro
35%
Monaco
32%
Vatikanstaten
32%

Score Distribution

Percentile by Number Answered

Percent of People with Each Score

Your Score History

You have not taken this quiz